000 00617nam a2200229Ia 4500
003 OSt
005 20221005122301.0
006 a|||||r|||| 00| 0
007 ta
008 221004b |||||||| |||| 00| 0 eng d
024 _a36190
037 _cTextual
040 _aCRL
_cCRL
_beng
041 _2eng
_aeng
082 _aN91v3:K5, H1.1-.2-;1
100 _aBentley Gerald Eades
245 0 _aJacobean and caroline stage
_b Dramatic companies and players
260 _c1931
650 _aARTS
942 _hN91v3:K5, H1.1-.2-;1
_cTEXL
_2cc
999 _c1043826
_d1043826